000 00506cam a2200205 4500
008 090401t1979 xxu||||| |||| 00| 0 eng d
020 _a0851393217
035 _a(Sirsi) u16516
041 _aeng
050 _a690.023
110 _aGreater London Council
_91146
245 _aHandbook for clerks of works
250 _a2nd ed.
260 _aLondon
_bArchitectural Press
_c1979
300 _axiii,130p. ; 22cm.
350 _a0.05
650 _aCLERK OF WORKS
942 _n0
948 _c04/03/1997
999 _c87429
_d87429